Statistics for Premier & English Football League Clubs starting with vowels

Click here to take the quiz!

General Stats

  • This quiz has been taken 382 times
    (377 since last reset)
  • The average score is 7 of 10

Answer Stats

League*Answer% Correct
PArsenal
98%
PEverton
94%
CAston Villa
89%
CIpswich Town
85%
2Oldham Athletic
70%
1Oxford United
66%
1Accrington Stanley
61%
2Exeter City
58%
PAFC Bournemouth
44%
1AFC Wimbledon
35%

Score Distribution

Percentile by Number Answered

Percent of People with Each Score

Your Score History

You have not taken this quiz since the last reset